Diseño de un modelo de estrategia empresarial en cuatro pasos y cuatro fases basado en herramientas para gerentes de PYMES.
La presente investigación tiene como objetivo diseñar un modelo de estrategia empresarial de fácil uso para los gerentes generales de PYMES nacionales las cuales están dirigidas mayoritariamente por mecanismos artesanales.
| Main Author: | |
|---|---|
| Other Authors: | |
| Format: | Tesis Section = Libro |
| Language: | Undetermined Spanish |
| Published: |
Managua
UNI
2013
|
| Subjects: |
| LEADER | 01178nam a2200265Ia 4500 | ||
|---|---|---|---|
| 008 | 240830s9999 xx 000 0 und d | ||
| 040 | |a BIBLIOTECA-RUSB/ M.Mon 658.4012 G178 | ||
| 041 | |a spa | ||
| 082 | |a M.Mon 658.4012 G178 | ||
| 100 | 1 | |a Galo Montenegro, Francisco | |
| 245 | 1 | 0 | |a Diseño de un modelo de estrategia empresarial en cuatro pasos y cuatro fases basado en herramientas para gerentes de PYMES. |
| 260 | |a Managua |b UNI |c 2013 | ||
| 300 | |a 60 p. :il. | ||
| 500 | |a Contiene: anexos e Incluye: CD. | ||
| 502 | |a Tesis (Máster en Informática Aplicada con mención en Gestión Empresarial) - UNI, 2013. | ||
| 520 | 3 | |a La presente investigación tiene como objetivo diseñar un modelo de estrategia empresarial de fácil uso para los gerentes generales de PYMES nacionales las cuales están dirigidas mayoritariamente por mecanismos artesanales. | |
| 650 | 7 | |a PLANIFCIACION ESTRATÉGICA | |
| 650 | 7 | |b ESTRATEGIA EMPRESARIAL | |
| 650 | 7 | |c PLANIFICACION ADMINISTRATIVA | |
| 650 | 7 | |d ANÁLISIS FODA | |
| 650 | 7 | |e ADMINISTRACION DE EMRPESA | |
| 700 | 1 | |a Tutor: |b Zúñiga Morales, Gonzalo de Jesús | |
| 942 | |c BK |2 ddc | ||
| 991 | |a TESIS | ||
| 999 | |c 19381 | ||